Dialogue sur le confinement au  sein de la communauté thérapeutique d’Aubervilliers (notice n° 1591876)

détails MARC
000 -LEADER
fixed length control field 01140cam a2200229 4500500
005 - DATE AND TIME OF LATEST TRANSACTION
control field 20251228065616.0
041 ## - LANGUAGE CODE
Language code of text/sound track or separate title fre
042 ## - AUTHENTICATION CODE
Authentication code dc
100 10 - MAIN ENTRY--PERSONAL NAME
Personal name Besse, Monique
Relator term author
245 00 - TITLE STATEMENT
Title Dialogue sur le confinement au  sein de la communauté thérapeutique d’Aubervilliers
260 ## - PUBLICATION, DISTRIBUTION, ETC.
Date of publication, distribution, etc. 2021.<br/>
500 ## - GENERAL NOTE
General note 44
520 ## - SUMMARY, ETC.
Summary, etc. À travers le témoignage d’un éducateur travaillant dans une communauté thérapeutique, on voit que le confinement a modifié les relations entre les usagers et les professionnels de même que leur relation à l’institution. Les professionnels, en s’adaptant, ont eux aussi modifié leur posture d’accompagnement. Peut-être cela apporte-t-il de nouvelles perspectives de travail.
690 ## - LOCAL SUBJECT ADDED ENTRY--TOPICAL TERM (OCLC, RLIN)
Topical term or geographic name as entry element addictions
690 ## - LOCAL SUBJECT ADDED ENTRY--TOPICAL TERM (OCLC, RLIN)
Topical term or geographic name as entry element communauté thérapeutique
690 ## - LOCAL SUBJECT ADDED ENTRY--TOPICAL TERM (OCLC, RLIN)
Topical term or geographic name as entry element confinement
690 ## - LOCAL SUBJECT ADDED ENTRY--TOPICAL TERM (OCLC, RLIN)
Topical term or geographic name as entry element institution
690 ## - LOCAL SUBJECT ADDED ENTRY--TOPICAL TERM (OCLC, RLIN)
Topical term or geographic name as entry element Témoignage
700 10 - ADDED ENTRY--PERSONAL NAME
Personal name Milian, Olivier
Relator term author
786 0# - DATA SOURCE ENTRY
Note VST - Vie sociale et traitements | 149 | 1 | 2021-02-22 | p. 59-61 | 0396-8669
856 41 - ELECTRONIC LOCATION AND ACCESS
Uniform Resource Identifier <a href="https://shs.cairn.info/revue-vie-sociale-et-traitements-2021-1-page-59?lang=fr&redirect-ssocas=7080">https://shs.cairn.info/revue-vie-sociale-et-traitements-2021-1-page-59?lang=fr&redirect-ssocas=7080</a>

Pas d'exemplaire disponible.

PLUDOC

PLUDOC est la plateforme unique et centralisée de gestion des bibliothèques physiques et numériques de Guinée administré par le CEDUST. Elle est la plus grande base de données de ressources documentaires pour les Étudiants, Enseignants chercheurs et Chercheurs de Guinée.

Adresse

627 919 101/664 919 101

25 boulevard du commerce
Kaloum, Conakry, Guinée

Réseaux sociaux

Powered by Netsen Group @ 2025